El Libre comercio y su impacto en la salud

Salvato in:
Dettagli Bibliografici
Natura: testo
Soggetti:
Tags: Aggiungi Tag
Nessun Tag, puoi essere il primo ad aggiungerne!!

MARC

LEADER 00000 a a2200000 04500
001 6674
003
040
245 |a El Libre comercio y su impacto en la salud  
650 |a COMERCIO INTERNACIONAL  
650 |a ACUERDOS INTERNACIONALES  
650 |a SALUD  
650 |a LIBRE COMERCIO  
650 |a LEGISLACION  
773 |g volumen 24, número 1056; páginas 12-14  
999 |c 26221  |d 26221